[Event "7th Paleochora Open 2014"]
[Site "Paleochora GRE"]
[Date "2014.07.24"]
[Round "5.21"]
[White "Pandelidis, Ioannis"]
[Black "Kourkoulos-Arditis, Stamatis"]
[Result "0-1"]
[BlackTitle "FM"]
[WhiteElo "2070"]
[BlackElo "2330"]
[WhiteFideId "4202554"]
[BlackFideId "4221990"]
[EventDate "2014.07.21"]

1. Nf3 Nf6 2. d4 g6 3. Nc3 d5 4. Bf4 Bg7 5. e3 O-O 6. Be2 c5 7. Ne5 cxd4 8. exd4
Be6 9. O-O Ne8 10. Bf3 f6 11. Nd3 Bf7 12. Re1 Nc6 13. Nc5 e5 14. dxe5 fxe5 15.
Bg3 b6 16. Nb3 e4 17. Be2 Nf6 18. Nb5 Qd7 19. N5d4 a6 20. Nxc6 Qxc6 21. Nd4 Qc5
22. c3 b5 23. Qd2 Rfe8 24. Bf4 Nd7 25. Nb3 Qe7 26. a4 bxa4 27. Rxa4 Qf6 28. Rea1
Qb6 29. Rb4 Qc6 30. Ra5 Bf8 31. Nd4 Qc8 32. Rba4 Nc5 33. Ra1 Bg7 34. R5a3 a5 35.
b4 e3 36. fxe3 Ne4 37. Qe1 g5 38. Bg3 Bf8 39. Bd3 a4 40. Bf2 Bg6 41. Bb5 Rd8 42.
Bc6 Ra7 43. Rxa4 Rxa4 44. Rxa4 Qc7 45. Bg3 Qf7 46. Ra5 h5 47. Nf3 h4 48. Bf2 Bg7
49. Nd4 Rd6 50. b5 Rf6 51. Ra2 Rd6 52. Ra8+ Kh7 53. h3 Bh5 54. Be8 Qb7 55. Bxh5
Qxa8 56. Bf3 Nxf2 57. Kxf2 Qa2+ 58. Kg1 Be5 59. e4 Bg3 60. Qf1 Qd2 61. Nf5 Re6
62. Nd4 Re8 63. Bh5 Rf8 64. Bf3 Qe3+ 65. Kh1 dxe4 66. Qb1 Kh8 67. Bxe4 Qxe4 0-1

[Event "7th Paleochora Open 2014"]
[Site "Paleochora GRE"]
[Date "2014.07.24"]
[Round "5.22"]
[White "Kang, Chuanqi"]
[Black "Stefanov, Evtim"]
[Result "1/2-1/2"]
[WhiteTitle "FM"]
[WhiteElo "2327"]
[BlackElo "2007"]
[WhiteFideId "8601453"]
[BlackFideId "2907070"]
[EventDate "2014.07.21"]

1. e4 c5 2. Nf3 e6 3. d4 cxd4 4. Nxd4 a6 5. Bd3 Nf6 6. Nc3 Qc7 7. O-O Be7 8. Kh1
b5 9. a3 Bb7 10. f4 d6 11. Qe2 Nbd7 12. Bd2 Nc5 13. Rae1 O-O 14. b4 Nxd3 15.
cxd3 Rac8 16. Rc1 Qd7 17. Rc2 Rc7 18. Rfc1 g6 19. Be3 Rcc8 20. Nb3 Rfe8 21. Qd2
Bf8 22. Ne2 Bg7 23. Bd4 Rxc2 24. Rxc2 Rc8 25. Kg1 Rxc2 26. Qxc2 Ne8 27. Qc3 f6
28. Na5 Ba8 29. Nb3 Qc6 30. Kf2 e5 31. Qxc6 Bxc6 32. fxe5 fxe5 33. Bb6 Kf7 34.
Nc3 Nf6 35. h3 Ke6 36. Kf3 Nd7 37. Be3 h5 38. Na5 Ba8 39. Nb3 Bf6 40. g3 Bd8 41.
g4 hxg4+ 42. Kxg4 Nf6+ 43. Kf3 Nd7 44. Kg4 Nf6+ 45. Kf3 Be7 1/2-1/2

[Event "7th Paleochora Open 2014"]
[Site "Paleochora GRE"]
[Date "2014.07.24"]
[Round "5.23"]
[White "Kolodkin, Daniil"]
[Black "Markidis, Konstantinos"]
[Result "0-1"]
[WhiteElo "2052"]
[BlackElo "2314"]
[WhiteFideId "1039776"]
[BlackFideId "4203500"]
[EventDate "2014.07.21"]

1. c4 g6 2. d4 Nf6 3. Nc3 Bg7 4. e4 d6 5. Nf3 O-O 6. Be2 c5 7. d5 e6 8. O-O Re8
9. Qc2 Na6 10. a3 Nc7 11. h3 Rb8 12. dxe6 Nxe6 13. Rd1 Qb6 14. Be3 Bd7 15. b4
Rbc8 16. Rab1 Qc7 17. Qd3 Bf8 18. b5 b6 19. g4 h6 20. Ne1 Rcd8 21. f4 Nd4 22.
Bxd4 cxd4 23. Qxd4 Bg7 24. Nd5 Nxd5 25. Qxd5 Bc8 26. Bf3 Be6 27. Qc6 Qe7 28. e5
dxe5 29. fxe5 Bxe5 30. Qe4 Bb8 31. Qe3 Qc7 32. Rxd8 Qh2+ 33. Kf1 Bxc4+ 34. Nd3
Qxh3+ 0-1

[Event "7th Paleochora Open 2014"]
[Site "Paleochora GRE"]
[Date "2014.07.24"]
[Round "5.24"]
[White "Hatzihrisafis, Dimos"]
[Black "Papasimakopoulos, Alexandros"]
[Result "0-1"]
[WhiteElo "1830"]
[BlackElo "2262"]
[WhiteFideId "4237498"]
[BlackFideId "4244125"]
[EventDate "2014.07.21"]

1. e4 e6 2. d4 d5 3. e5 c5 4. c3 Nc6 5. Nf3 Bd7 6. Be2 f6 7. O-O Qc7 8. Bf4
O-O-O 9. Na3 Qb6 10. dxc5 Bxc5 11. b4 Be7 12. Nb5 Rf8 13. exf6 Nxf6 14. Bc7 Qa6
15. Nd6+ Bxd6 16. Bxa6 Bxc7 17. Be2 Rhg8 18. b5 Ne5 19. Nd4 Ne4 20. Rc1 Nd6 21.
a4 Rf6 22. Nb3 Kb8 23. Kh1 Rgf8 24. f4 Nec4 25. Bxc4 Nxc4 26. Nc5 Bc8 27. Qe2
Bxf4 28. Rce1 e5 29. Nd3 Bd2 30. Rxf6 Rxf6 31. Rf1 Bg4 32. Rxf6 Bxe2 33. Rf8+
Kc7 34. Nb4 Kd6 35. Rd8+ Ke7 36. Rb8 Na5 37. Ra8 d4 38. Rxa7 dxc3 39. b6 Ba6 40.
g3 Kd6 41. Ra8 Kc5 42. Nxa6+ bxa6 43. Kg2 Kxb6 44. Rc8 Nc6 0-1

[Event "7th Paleochora Open 2014"]
[Site "Paleochora GRE"]
[Date "2014.07.24"]
[Round "5.25"]
[White "Theodorou, Nikolas"]
[Black "Adams, Tim P"]
[Result "1-0"]
[WhiteElo "2257"]
[BlackElo "1778"]
[WhiteFideId "4262875"]
[BlackFideId "422150"]
[EventDate "2014.07.21"]

1. d4 d5 2. c4 e6 3. Nc3 Nf6 4. Nf3 Be7 5. Bg5 Ne4 6. Bxe7 Qxe7 7. Qc2 Nxc3 8.
Qxc3 O-O 9. e3 c6 10. Bd3 Nd7 11. O-O Re8 12. e4 dxe4 13. Bxe4 Nf6 14. Bc2 b6
15. Rfe1 Bb7 16. Rad1 Qc7 17. c5 Rad8 18. Ne5 bxc5 19. dxc5 Rxd1 20. Bxd1 Nd5
21. Qd2 Rd8 22. g3 Nf6 23. Qc3 Nd5 24. Qa3 a5 25. Nc4 Ra8 26. Bf3 Nb4 27. Rd1
Nd5 28. Kg2 Ba6 29. Nd6 Rb8 30. Rd4 Rb4 31. Rxb4 Nxb4 32. Be4 Qa7 33. Qe3 Bb7
34. Qg5 f6 35. Bxh7+ Kxh7 36. Qh5+ Kg8 37. Qf7+ Kh7 38. Ne8 Kh6 39. Qxg7+ Kh5
40. Nxf6# 1-0

[Event "7th Paleochora Open 2014"]
[Site "Paleochora GRE"]
[Date "2014.07.24"]
[Round "5.26"]
[White "Tsiros, Fragkiskos Vlasios"]
[Black "Christiansen, Johan-Sebastian"]
[Result "0-1"]
[WhiteElo "2018"]
[BlackElo "2252"]
[WhiteFideId "4228200"]
[BlackFideId "1512668"]
[EventDate "2014.07.21"]

1. e4 e6 2. d4 d5 3. Nc3 Nf6 4. Bg5 dxe4 5. Nxe4 Be7 6. Bxf6 gxf6 7. Nf3 f5 8.
Ng3 a6 9. Bd3 c5 10. dxc5 Qa5+ 11. c3 Qxc5 12. O-O O-O 13. Qc1 Kh8 14. c4 Nd7
15. Re1 Rg8 16. Nh5 Rg6 17. Qc3+ Kg8 18. Qd2 Nf6 19. Nf4 Rg7 20. a3 b6 21. b4
Qc7 22. Ne5 Bb7 23. Qc3 Ng4 24. Nxg4 Rxg4 25. Nd5 Bxd5 0-1

[Event "7th Paleochora Open 2014"]
[Site "Paleochora GRE"]
[Date "2014.07.24"]
[Round "5.27"]
[White "Tsakiris, Haralambos"]
[Black "Ahlander, Bjorn"]
[Result "1-0"]
[WhiteTitle "FM"]
[BlackTitle "IM"]
[WhiteElo "2099"]
[BlackElo "2426"]
[WhiteFideId "4223314"]
[BlackFideId "1700251"]
[EventDate "2014.07.21"]

1. c4 e6 2. Nc3 Nf6 3. e4 c5 4. e5 Ng8 5. Nf3 Nc6 6. d4 cxd4 7. Nxd4 Nxe5 8.
Ndb5 a6 9. Nd6+ Bxd6 10. Qxd6 f6 11. Be3 Ne7 12. Bb6 Nf5 13. Bxd8 Nxd6 14. Bc7
Ndf7 15. Na4 b5 16. Nb6 Bb7 17. Nxa8 Bxa8 18. cxb5 axb5 19. Bxe5 Nxe5 20. f4 Ng6
21. Bxb5 Nxf4 22. O-O-O Nd5 23. Rhe1 Ke7 24. a4 d6 25. g3 f5 26. Kb1 Nb4 27. b3
Be4+ 28. Kb2 Rc8 29. Rc1 Rb8 30. Rc7+ Kf6 31. Re2 h5 32. Rd2 Nd5 33. Rd7 Rb6 34.
Ka3 g5 35. Bc4 Ke5 36. Bxd5 Bxd5 37. b4 Rc6 38. b5 Rc3+ 39. Kb4 Rc4+ 40. Ka5 f4
41. gxf4+ gxf4 42. Re2+ Re4 43. Rxe4+ Bxe4 44. b6 f3 45. b7 f2 46. b8=Q f1=Q 47.
Qxd6+ Kf6 48. Qf8+ 1-0

[Event "7th Paleochora Open 2014"]
[Site "Paleochora GRE"]
[Date "2014.07.24"]
[Round "5.28"]
[White "Michielsen, Joost"]
[Black "Linhart, Wolfgang"]
[Result "1-0"]
[WhiteTitle "IM"]
[WhiteElo "2397"]
[BlackElo "2154"]
[WhiteFideId "1008790"]
[BlackFideId "4636244"]
[EventDate "2014.07.21"]

1. e4 c5 2. Nf3 e6 3. d4 cxd4 4. Nxd4 a6 5. c4 Nf6 6. Nc3 Qc7 7. a3 b6 8. Be3
Bb7 9. f3 Nc6 10. Rc1 Nxd4 11. Qxd4 Bc5 12. Qd2 Bxe3 13. Qxe3 Rb8 14. Be2 O-O
15. b4 d6 16. O-O Rfd8 17. Rfd1 Ba8 18. Kh1 h6 19. Rd4 Rbc8 20. Rcd1 Kf8 21. Na4
Rb8 22. Qd2 Ke7 23. e5 Ne8 24. exd6+ Rxd6 25. Rxd6 Qxd6 26. Qxd6+ Nxd6 27. Nxb6
Rxb6 28. c5 Rc6 29. Rxd6 Rxd6 30. cxd6+ Kxd6 31. Bxa6 e5 32. Bd3 Bd5 33. a4 g6
34. Kg1 f5 35. Kf2 Be6 36. Ke3 g5 37. Kd2 h5 38. Kc3 g4 39. a5 e4 40. fxe4 f4
41. Kd4 h4 42. e5+ Kc7 43. Ke4 g3 44. hxg3 fxg3 45. Kf4 Kb8 46. b5 Bd5 47. Kg4 1-0

[Event "7th Paleochora Open 2014"]
[Site "Paleochora GRE"]
[Date "2014.07.24"]
[Round "5.29"]
[White "Cafaro, Luca"]
[Black "Jens, Jelmer"]
[Result "1/2-1/2"]
[BlackTitle "IM"]
[WhiteElo "2026"]
[BlackElo "2394"]
[WhiteFideId "859818"]
[BlackFideId "1007394"]
[EventDate "2014.07.21"]

1. e4 c5 2. Nf3 d6 3. d4 cxd4 4. Nxd4 Nf6 5. Nc3 Nc6 6. Be2 e5 7. Nb3 Be7 8. O-O
O-O 9. Kh1 a5 10. a4 Be6 11. f4 Nb4 12. f5 Bd7 13. Bf3 Bc6 14. Qe2 Qc7 15. Bg5
Rfd8 16. Rad1 Rd7 17. Bxf6 Bxf6 18. Nb5 Qd8 19. c3 Na6 20. Qc4 Nc7 21. Nxc7 Rxc7
22. Na1 Rb8 23. Rf2 Qd7 24. Qa2 Bg5 25. c4 Qe7 26. b3 g6 27. g4 Be3 28. Rg2 Qg5
29. Qe2 Bc5 30. Nc2 Kh8 31. Qd2 Qh4 32. Qe1 Qxe1+ 33. Nxe1 gxf5 34. gxf5 Rg8 35.
Rxg8+ Kxg8 36. Nd3 Be3 37. Ne1 Bd4 38. Rd3 Kg7 39. Nc2 Bc5 40. h4 Bf2 41. Rxd6
Bxh4 42. Ne3 Rd7 43. Rxd7 Bxd7 44. Kg2 Be1 45. Nd5 Kh6 46. Nf6 Bc6 47. Ng4+ Kg5
48. Nxe5 f6 49. Nd3 1/2-1/2

[Event "7th Paleochora Open 2014"]
[Site "Paleochora GRE"]
[Date "2014.07.24"]
[Round "5.30"]
[White "Farahat, Ali"]
[Black "Soukos, Konstantinos"]
[Result "1/2-1/2"]
[WhiteTitle "IM"]
[WhiteElo "2374"]
[BlackElo "2111"]
[WhiteFideId "10600507"]
[BlackFideId "4207378"]
[EventDate "2014.07.21"]

1. e4 e5 2. Nf3 Nc6 3. Bb5 a6 4. Ba4 d6 5. c4 Bg4 6. Nc3 g6 7. h3 Bxf3 8. Qxf3
Bg7 9. Nd5 Rb8 10. O-O b5 11. Bd1 Nd4 12. Qd3 c6 13. Nb4 Nf6 14. cxb5 axb5 15.
Nc2 Ne6 16. Qc3 O-O 17. Qxc6 Rb6 18. Qc3 Nxe4 19. Qe3 d5 20. d3 Nd6 21. Qe1 Nf5
22. Bg4 Nfd4 23. Nxd4 Nxd4 24. Be3 Nc2 25. Bxb6 Qxb6 26. Qd2 Nxa1 27. Rxa1 f5
28. Bd1 e4 29. Bb3 Qd4 30. Rd1 Kh8 31. dxe4 Qxd2 32. Rxd2 dxe4 33. g3 Bf6 34.
Kg2 Rd8 35. Rxd8+ Bxd8 36. Be6 Kg7 37. Bd7 b4 38. a4 bxa3 39. bxa3 Kf6 40. h4 h6 1/2-1/2

[Event "7th Paleochora Open 2014"]
[Site "Paleochora GRE"]
[Date "2014.07.25"]
[Round "6.1"]
[White "Delchev, Aleksander"]
[Black "Zinchenko, Yaroslav"]
[Result "1-0"]
[WhiteTitle "GM"]
[BlackTitle "GM"]
[WhiteElo "2644"]
[BlackElo "2532"]
[WhiteFideId "2900394"]
[BlackFideId "14110547"]
[EventDate "2014.07.21"]

1. d4 Nf6 2. c4 g6 3. Nc3 d5 4. Nf3 Bg7 5. cxd5 Nxd5 6. e4 Nxc3 7. bxc3 c5 8.
Be3 Qa5 9. Nd2 cxd4 10. Nc4 Qd8 11. cxd4 f5 12. Rb1 O-O 13. Ne5 f4 14. Bc4+ e6
15. Bc1 Bxe5 16. dxe5 Qxd1+ 17. Kxd1 Nc6 18. Bb2 Rd8+ 19. Ke1 b5 20. Be2 Ba6 21.
h4 Nd4 22. Bd1 b4 23. Rc1 Rab8 24. Rh3 Rb5 25. Rc7 Rxe5 26. f3 Ra5 27. Bxd4 Rxd4
28. Bb3 Rd6 29. g3 fxg3 30. Rxg3 Rb5 31. Rg5 Rb7 32. Rgc5 Rdb6 33. Kf2 Kf8 34.
Ke3 Bb5 35. Rxb7 Rxb7 36. Bxe6 Ke7 37. Bd5 Kd6 38. Kd4 Rb8 39. f4 a5 40. e5+ Kd7
41. Bb3 Kd8 42. Bg8 a4 43. Bxh7 Be8 44. Bg8 b3 45. axb3 axb3 46. Rc1 b2 47. Rb1
Rb4+ 48. Kc5 Rxf4 49. Rxb2 Ra4 50. Rb8+ Ke7 51. Rb7+ Kf8 52. Bc4 Ra5+ 53. Kd6
Ra4 54. Rc7 Ra1 55. Rc8 Rc1 56. e6 Kg7 57. Rxe8 Rxc4 58. e7 Re4 59. Rf8 1-0

[Event "7th Paleochora Open 2014"]
[Site "Paleochora GRE"]
[Date "2014.07.25"]
[Round "6.2"]
[White "Gupta, Abhijeet"]
[Black "Werle, Jan"]
[Result "1-0"]
[WhiteTitle "GM"]
[BlackTitle "GM"]
[WhiteElo "2634"]
[BlackElo "2511"]
[WhiteFideId "5010608"]
[BlackFideId "1006088"]
[EventDate "2014.07.21"]

1. d4 Nf6 2. c4 e6 3. Nc3 Bb4 4. f3 c5 5. d5 O-O 6. e4 d6 7. Ne2 exd5 8. cxd5
Nh5 9. g4 Qh4+ 10. Kd2 f5 11. gxh5 fxe4 12. Qe1 e3+ 13. Kd1 Qxh5 14. Ng3 Qxf3+
15. Be2 Qf4 16. Rf1 Qd4+ 17. Kc2 Re8 18. Rf3 Bh3 19. Qg1 Bxc3 20. bxc3 Qxd5 21.
c4 Qe6 22. Nh5 Bf5+ 23. Kb3 Bg6 24. Nf4 Qe4 25. Nxg6 Nc6 26. Bb2 hxg6 27. Raf1
b5 28. a3 Nd4+ 29. Bxd4 cxd4 30. Rf4 Qe6 31. Rxd4 Rab8 32. Ka2 b4 33. Bf3 b3+
34. Kb2 Qe5 35. Bd5+ Kh7 36. Rf4 g5 37. Re4 Qf6 38. Qxe3 1-0

[Event "7th Paleochora Open 2014"]
[Site "Paleochora GRE"]
[Date "2014.07.25"]
[Round "6.3"]
[White "Mirzoev, Azer"]
[Black "Gavrilov, Alexei1"]
[Result "1-0"]
[WhiteTitle "GM"]
[BlackTitle "GM"]
[WhiteElo "2554"]
[BlackElo "2494"]
[WhiteFideId "13400304"]
[BlackFideId "4104358"]
[EventDate "2014.07.21"]

1. c4 e5 2. Nc3 Nf6 3. Nf3 Nc6 4. e3 Be7 5. a3 a5 6. Qc2 d6 7. b3 O-O 8. Bb2 Re8
9. Bd3 h6 10. O-O Bf8 11. Ne4 Nxe4 12. Bxe4 Ne7 13. Bh7+ Kh8 14. Bd3 b6 15. Nh4
Ng8 16. Nf5 Nf6 17. Ng3 d5 18. cxd5 Nxd5 19. Be4 c5 20. d4 exd4 21. exd4 Be6 22.
dxc5 bxc5 23. Rad1 Ra7 24. Nf5 Rd7 25. Nxh6 Qg5 26. Bc1 Qh5 27. Bf3 Qh4 28. Rfe1
Red8 29. Nf5 Qh7 30. Be4 Nf6 31. Rxd7 Rxd7 32. Ng3 Nxe4 33. Nxe4 Qf5 34. f3 Rb7
35. Be3 Bxb3 36. Qd2 Bd5 37. Bxc5 Bxe4 38. Bxf8 Bc6 39. Qc3 Qg6 40. Bxg7+ Kh7
41. Bd4 Rb1 42. Rxb1 Qxb1+ 43. Kf2 Qa2+ 44. Kg3 Qd5 45. Be5 a4 46. h3 Qe6 47.
Kh2 Kg8 48. Qd4 Kf8 49. Qd8+ Be8 50. Qg5 Qg6 51. Qf4 Qe6 52. Bf6 Bb5 53. Qb4+
Kg8 54. Qxb5 Qxf6 55. Qxa4 1-0

[Event "7th Paleochora Open 2014"]
[Site "Paleochora GRE"]
[Date "2014.07.25"]
[Round "6.4"]
[White "Anurag, Mhamal"]
[Black "Kharitonov, Alexandr"]
[Result "0-1"]
[WhiteTitle "IM"]
[BlackTitle "GM"]
[WhiteElo "2405"]
[BlackElo "2554"]
[WhiteFideId "5024366"]
[BlackFideId "4135202"]
[EventDate "2014.07.21"]

1. c4 Nf6 2. Nf3 g6 3. b3 Bg7 4. Bb2 O-O 5. g3 d6 6. d4 Bf5 7. Bg2 Qc8 8. Nc3
Bh3 9. O-O Bxg2 10. Kxg2 Nbd7 11. e4 e5 12. dxe5 dxe5 13. Qd2 Re8 14. Rad1 Nf8
15. Rfe1 Nh5 16. Nd5 c6 17. Ne3 f6 18. h3 Rd8 19. Qb4 Rxd1 20. Rxd1 Ne6 21. Nh2
Bf8 22. Qd2 Qc7 23. Neg4 Rd8 24. Qc2 Rxd1 25. Qxd1 Qd8 26. Qxd8 Nxd8 27. Kf1 Ne6
28. Ke2 Ng5 29. Kd3 Nxh3 30. Nf3 f5 31. exf5 gxf5 32. Ngxe5 Nxf2+ 33. Ke2 Ng4
34. Nh4 Bd6 35. Nd3 Nh6 36. Bc1 Bxg3 37. Bxh6 Bxh4 38. Be3 Ng3+ 39. Kf3 Ne4 40.
Bxa7 Kf7 41. Be3 Be7 42. b4 Nc3 43. a3 h5 44. Ne5+ Ke6 45. Ng6 Bd6 46. Bf4 Kf6
47. Nh4 Be5 48. Ke3 Bxf4+ 49. Kxf4 b5 50. cxb5 Nd5+ 51. Kg3 f4+ 52. Kh3 cxb5 53.
Nf3 Kf5 54. Nd4+ Ke4 55. Nxb5 f3 56. Nd6+ Kf4 57. Nc4 f2 58. Kg2 Ne3+ 59. Kxf2
Nxc4 60. b5 Nb6 61. Kg2 Kg4 62. Kh2 Na4 63. Kg2 h4 64. Kf2 h3 0-1

[Event "7th Paleochora Open 2014"]
[Site "Paleochora GRE"]
[Date "2014.07.25"]
[Round "6.5"]
[White "Zubarev, Alexander1"]
[Black "Lekic, Dusan"]
[Result "0-1"]
[WhiteTitle "GM"]
[BlackTitle "IM"]
[WhiteElo "2583"]
[BlackElo "2433"]
[WhiteFideId "14104385"]
[BlackFideId "905330"]
[EventDate "2014.07.21"]

1. Nf3 d5 2. d4 Nf6 3. c4 e6 4. Nc3 Be7 5. Bg5 h6 6. Bxf6 Bxf6 7. e3 O-O 8. Rc1
c6 9. h4 g6 10. Bd3 Nd7 11. cxd5 exd5 12. Bb1 Re8 13. Ne2 h5 14. g3 Nb6 15. b3
Bd7 16. Nh2 Nc8 17. Nf4 Nd6 18. Nxg6 fxg6 19. Bxg6 Re7 20. O-O Rg7 21. Qxh5 Bxh4
22. Nf3 Bf6 23. Kg2 Be8 24. Bxe8 Qxe8 25. Qh6 Qe4 26. Rh1 Rf8 27. Qf4 Be7 28.
Qxe4 Nxe4 29. Rh3 Rxf3 30. Kxf3 Rf7+ 0-1

[Event "7th Paleochora Open 2014"]
[Site "Paleochora GRE"]
[Date "2014.07.25"]
[Round "6.6"]
[White "Petrov, Marijan"]
[Black "Svetushkin, Dmitry"]
[Result "1/2-1/2"]
[WhiteTitle "GM"]
[BlackTitle "GM"]
[WhiteElo "2438"]
[BlackElo "2557"]
[WhiteFideId "2901773"]
[BlackFideId "13900463"]
[EventDate "2014.07.21"]

1. e4 c5 2. Nf3 e6 3. d4 cxd4 4. Nxd4 Nc6 5. Nc3 Qc7 6. g3 a6 7. Bg2 d6 8. O-O
Bd7 9. a4 Be7 10. h3 Nf6 1/2-1/2

[Event "7th Paleochora Open 2014"]
[Site "Paleochora GRE"]
[Date "2014.07.25"]
[Round "6.7"]
[White "Borovikov, Vladislav"]
[Black "Swapnil, S. Dhopade"]
[Result "1/2-1/2"]
[WhiteTitle "GM"]
[BlackTitle "IM"]
[WhiteElo "2556"]
[BlackElo "2421"]
[WhiteFideId "14102811"]
[BlackFideId "5019184"]
[EventDate "2014.07.21"]

1. d4 Nf6 2. Nf3 d5 3. c4 e6 4. g3 Be7 5. Bg2 O-O 6. O-O dxc4 7. Qc2 a6 8. a4
Bd7 9. Rd1 Bc6 10. Nc3 Bxf3 11. Bxf3 Nc6 12. Bxc6 bxc6 13. a5 Nd5 14. Na4 Qb8
15. Bd2 Qb5 16. Rdc1 Bb4 17. Bxb4 Nxb4 18. Qxc4 Qxa5 19. Qb3 Qb5 20. Rc5 Qb8 21.
Ra5 Nd5 22. Qc4 Qb4 23. Qxb4 Nxb4 24. Nc5 Rfb8 25. Nxa6 Nxa6 26. Rxa6 Rxa6 27.
Rxa6 Kf8 28. Ra7 Rc8 29. Ra6 1/2-1/2

[Event "7th Paleochora Open 2014"]
[Site "Paleochora GRE"]
[Date "2014.07.25"]
[Round "6.8"]
[White "Narayanan, Srinath"]
[Black "David, Alberto"]
[Result "0-1"]
[WhiteTitle "IM"]
[BlackTitle "GM"]
[WhiteElo "2419"]
[BlackElo "2553"]
[WhiteFideId "5018420"]
[BlackFideId "4000013"]
[EventDate "2014.07.21"]

1. e4 c5 2. Nf3 e6 3. d4 cxd4 4. Nxd4 a6 5. Nc3 Qc7 6. Be2 Nf6 7. O-O Nc6 8. Be3
Be7 9. f4 d6 10. Qe1 h5 11. Qg3 Bd7 12. Rae1 b5 13. e5 dxe5 14. Nxc6 Bxc6 15.
fxe5 Ng4 16. Bxg4 hxg4 17. Qf4 O-O-O 18. Qxf7 Qxe5 19. Bf4 Bc5+ 20. Kh1 g3 0-1

[Event "7th Paleochora Open 2014"]
[Site "Paleochora GRE"]
[Date "2014.07.25"]
[Round "6.9"]
[White "Rychagov, Andrey"]
[Black "Theodorou, Nikolas"]
[Result "1-0"]
[WhiteTitle "GM"]
[WhiteElo "2543"]
[BlackElo "2257"]
[WhiteFideId "4119932"]
[BlackFideId "4262875"]
[EventDate "2014.07.21"]

1. d4 Nf6 2. c4 e6 3. Nf3 b6 4. g3 Ba6 5. Qb3 Nc6 6. Nbd2 d5 7. Qa4 Bb7 8. Bg2
Bd6 9. Ne5 O-O 10. Nxc6 Qd7 11. Qc2 Qxc6 12. O-O Qd7 13. c5 Qc6 14. b4 bxc5 15.
bxc5 Rab8 16. Nc4 Be7 17. Bf4 Qa6 18. Nb2 Qc6 19. Nd3 Ba6 20. Ne5 Qe8 21. Rfb1
Rxb1+ 22. Rxb1 Nh5 23. c6 Nxf4 24. gxf4 Qa8 25. Nd7 Rd8 26. f5 exf5 27. Bxd5 g6
28. Bf3 Bd6 29. Qa4 Re8 30. Nf6+ 1-0

[Event "7th Paleochora Open 2014"]
[Site "Paleochora GRE"]
[Date "2014.07.25"]
[Round "6.10"]
[White "Pap, Misa"]
[Black "Liodakis, Konstantinos-Spyros"]
[Result "1-0"]
[WhiteTitle "GM"]
[WhiteElo "2514"]
[BlackElo "2177"]
[WhiteFideId "921610"]
[BlackFideId "4217136"]
[EventDate "2014.07.21"]

1. e4 e6 2. d4 d5 3. Nd2 Nf6 4. e5 Nfd7 5. f4 c5 6. c3 Nc6 7. Ndf3 Qb6 8. a3
cxd4 9. cxd4 Be7 10. h4 Na5 11. Ne2 Nb8 12. Nc3 Bd7 13. Rb1 Nb3 14. Be3 Nc6 15.
Kf2 Nca5 16. Bd3 Rc8 17. f5 h6 18. Rh3 Nc4 19. Bxc4 dxc4 20. Rg3 Kf8 21. fxe6
Bxe6 22. d5 Bc5 23. Nd2 Bf5 24. Nde4 Bxe3+ 25. Rxe3 Qd8 26. Kg1 Qxh4 27. Qf1 g6
28. Rd1 Bg4 29. Nd6 Rc7 30. Qf6 Qxf6 31. exf6 Kg8 32. Rde1 Rd7 33. Nxc4 Bf5 34.
Re8+ Kh7 35. Rxh8+ Kxh8 36. Re8+ Kh7 37. Ne5 Rd6 38. Re7 Rxf6 39. Nxf7 Nc5 40.
b4 Kg8 41. Nxh6+ Kf8 42. Nxf5 gxf5 43. Rc7 Ne4 44. Nb5 Rf7 45. Rc8+ Ke7 46. Nxa7
Kd7 47. a4 Re7 48. a5 Nd6 49. Rc5 Re4 50. b5 Ra4 51. b6 Rc4 52. Rxc4 Nxc4 53.
Kf2 Nxa5 54. Ke3 Nc4+ 55. Kd4 Nxb6 56. Nb5 Nc8 57. Ke5 Ne7 58. g3 b6 59. Nd4 Ng8
60. Nxf5 b5 61. Nd4 b4 62. Nb3 Nh6 63. Nc5+ Ke8 64. Kf6 Kd8 65. Ke6 Ke8 66. d6
Nf7 67. d7+ Kf8 68. Kf6 Kg8 69. g4 Nd8 70. g5 Nc6 71. g6 Kf8 72. Ne6+ Kg8 73.
Nd4 Nd8 74. Nf5 1-0

[Event "7th Paleochora Open 2014"]
[Site "Paleochora GRE"]
[Date "2014.07.25"]
[Round "6.11"]
[White "Kourkoulos-Arditis, Stamatis"]
[Black "Rombaldoni, Axel"]
[Result "0-1"]
[WhiteTitle "FM"]
[BlackTitle "GM"]
[WhiteElo "2330"]
[BlackElo "2505"]
[WhiteFideId "4221990"]
[BlackFideId "815837"]
[EventDate "2014.07.21"]

1. e4 e6 2. d4 d5 3. Nc3 a6 4. exd5 exd5 5. g3 Nf6 6. Bg2 Bb4 7. Ne2 Bg4 8. h3
Bf5 9. g4 Be4 10. f3 Bg6 11. h4 h5 12. g5 Ng8 13. Nf4 Ne7 14. Nxg6 fxg6 15. Qd3
Qd6 16. f4 Nbc6 17. O-O Bxc3 18. bxc3 O-O 19. a4 Qd7 20. Rb1 Nf5 21. c4 dxc4 22.
Qxc4+ Kh7 23. Rxb7 Qxd4+ 24. Qxd4 Ncxd4 25. Rxc7 Rac8 26. Rxc8 Rxc8 27. Rf2 Nxc2
28. Bb2 Nce3 29. Bb7 Rd8 30. Re2 Rd1+ 31. Kh2 Ng4+ 32. Kh3 Rd3+ 33. Kg2 Nxh4+
34. Kf1 Nf5 35. Ke1 a5 36. Be4 Rb3 37. Bd5 Rb8 38. Be6 Ng3 39. Rc2 Re8 40. Rc6
h4 41. Kd2 Rd8+ 42. Ke1 Re8 43. Kd2 Rd8+ 44. Ke1 Ne3 45. Bd4 Rxd4 46. Rc8 Rd1+
47. Kf2 Rf1+ 0-1

[Event "7th Paleochora Open 2014"]
[Site "Paleochora GRE"]
[Date "2014.07.25"]
[Round "6.12"]
[White "Markidis, Konstantinos"]
[Black "Stopa, Jacek"]
[Result "0-1"]
[BlackTitle "IM"]
[WhiteElo "2314"]
[BlackElo "2482"]
[WhiteFideId "4203500"]
[BlackFideId "1119591"]
[EventDate "2014.07.21"]

1. e4 e5 2. Nf3 Nc6 3. Bb5 a6 4. Ba4 Nge7 5. c3 g6 6. d4 exd4 7. cxd4 b5 8. Bc2
d5 9. exd5 Nxd5 10. O-O Be6 11. Bg5 Qd7 12. Nc3 Nxc3 13. bxc3 Bg7 14. Bb3 Bxb3
15. axb3 O-O 16. b4 a5 17. bxa5 Rxa5 18. Rxa5 Nxa5 19. Re1 Re8 20. h3 Nc4 21.
Rxe8+ Qxe8 22. Qd3 c6 23. Bf4 Qe6 24. Kf1 h6 25. Nd2 Nb6 26. Nf3 Qb3 27. Ke2 Na4
28. Kd2 Bf8 29. Qc2 Qa3 30. Ne5 Nxc3 31. Nxc6 b4 32. Be3 Qa6 33. Ne5 Qf1 34. Qb3
Qe2+ 35. Kc1 Qe1+ 0-1